00688cam a22002651 4500001001300000003000400013005001700017008004100034010001700075035002000092040001800112042001200130043001200142050001500154100003000169245004500199260001000244300003500254500001400289504003100303650002100334650002800355740002200383999001700405sa 68000834 DLC20260227112427.0890907s1964 ii b 000 0 hino  asa 68000834  a(OCoLC)20311039 aDLCcWaUdDLC apremarc aa-ii---00aHJ192b.G31 aGaur, Amba Prasad,d1919-10aLoka arthaśāstra.bPublic economics. c1964. a1 v. (various pagings)c23 cm. aIn Hindi. aBibliographical footnotes. 0aFinance, Public. 0aFinance, PubliczIndia.0 aPublic economics. c77488d77488